000 00786nam a22002297a 4500
005 20150220151915.0
008 140714b xxu||||| |||| 00| 0 Urdu d
010 _aUR-8649
020 q _c300.00
020 _c9788182234117
035 _aU-7204
037 _bDBAD/Pub.
040 _aDPL
_bUrdu
082 _a840.8
100 _aا حمد صغير
245 _aبہا ر مين ا ر د و فکشن ا يک تنقيد ی مطا لعہ :تنقيد
_cا حمد صغير
246 _aBihar mein Urdu fiction ek tanqeedi Mutalaya
_bBy IAhmed Sagheer
260 _aد ھلی
_bEducational Publishing House
_c2014
270 _a3108,Vakeel Street,Kucha Pandit,Lal Kuan
_b.Delhi
_e110006
300 _a312ص
_c22Cm (Hb)
942 _2ddc
_cUR
_e
_h840.8
_mا ح م
999 _c91680
_d91680